15 Seconds - Months of the Year - English - Statistics

General Stats
  • This quiz has been taken 39 times
  • The average score is 8 of 12
Answer Stats
Answer % Correct
January
94%
April
88%
March
88%
June
81%
August
75%
February
75%
May
75%
July
69%
September
56%
October
50%
December
38%
November
38%
No matching quizzes found
Score Distribution
Percent of People with Each Score
Percentile by Number Answered
Your Score History
You have not taken this quiz